Country Pairs that Export the Most Wine - Statistics

General Stats
  • This quiz has been taken 126 times
  • The average score is 13 of 15
Answer Stats
Country % Correct
France
99%
Italy
98%
Spain
98%
United States
98%
UnitedKingdom
95%
China
93%
Germany
93%
Australia
92%
Canada
89%
Japan
82%
New Zealand
78%
Belgium
77%
Netherlands
77%
Switzerland
77%
Singapore
23%
No matching quizzes found
Score Distribution
Percent of People with Each Score
Percentile by Number Answered
Your Score History
You have not taken this quiz